000 01064nam a2200253 a 4500
001 000027661
005 20240307073942.0
008 110404s1976 dr 000 0 spa d
040 _aDO-SdBNP
_bspa
_cBNPHU
082 _a378.7293
_bI59d
110 2 _aInstituto Tecnológico de Santo Domingo
_978911
245 1 0 _aDocumentos.
260 _aSanto Domingo :
_bINTEC,
_c1976-.
300 _a191 p. ;
_c22 cm.
500 _aLa biblioteca posee v.1, v.2, v.3 y v.10
504 _aIncluye referencias bibliográficas y notas al pie de las páginas.
505 0 _gv. 1.
_t1976 --
_gv. 2.
_t1977
_gv. 3.
_t1978 --
_gv. 4.
_t1979 --
_gv. 5.
_t1980 --
_gv. 6.
_t1981 --
_gv. 7.
_t1982 --
_gv. 8.
_t1983 --
_gv. 9.
_t1984 --
_gv. 10.
_t1989.
590 _aInventariado, 2018/MFF
610 0 _aINSTITUTO TECNOLÓGICO DE SANTO DOMINGO
_vREGLAMENTOS
_91629
650 4 _aUniversidades
_zRepública Dominicana
_9729
650 4 _aAdministración universitaria
_919530
650 4 _aPlanificación universitaria
_zRepública Dominicana
_919531
910 _aValidado. Control de calidad MMOLINA
999 _c27153
_d27153